Manchester United Players with International Caps - Statistics

General Stats
  • This quiz has been taken 159 times
    150 since last reset
  • The average score is 10 of 29
Answer Stats
Player National Team Caps % Correct
Cristiano Ronaldo Portugal 180
100%
Edinson Cavani Uruguay 118
82%
Nemanja Matic Serbia 48
77%
Paul Pogba France 87
77%
Victor Lindelof Sweden 47
76%
David De Gea Spain 45
63%
Juan Mata Spain 41
61%
Marcus Rashford England 46
61%
Eric Bailly Ivory Coast 39
58%
Luke Shaw England 18
50%
Bruno Fernandes Portugal 36
46%
Harry Maguire England 39
45%
Anthony Martial France 30
36%
Fred Brazil 19
31%
Scott McTominay Scotland 26
31%
Phil Jones England 27
22%
Jesse Lingard England 31
19%
Jadon Sancho England 22
18%
Donny van de Beek Netherlands 19
14%
Aaron Wan-Bissaka England 3
13%
Mason Greenwood England 1
13%
Dean Henderson England 1
9%
Amad Diallo Ivory Coast 3
7%
Hannibal Mejbri Tunisia 3
7%
Alex Telles Brazil 4
6%
Andreas Pereira Brazil 1
5%
Tom Heaton England 3
4%
Dylan Levitt Wales 10
0%
Ethan Galbraith Northern Ireland 2
0%
No matching quizzes found
Score Distribution
Percent of People with Each Score
Percentile by Number Answered
Your Score History
You have not taken this quiz since the last reset